| 000 | 00589nam a22001817a 4500 | ||
|---|---|---|---|
| 005 | 20170309120107.0 | ||
| 010 | _aENG-117472 | ||
| 020 |
_a9789384294823 _c345.00 |
||
| 035 | _aEN-101004 | ||
| 037 | _bDABD/PUB | ||
| 082 | _a515.353 | ||
| 100 | _aSengupta, Debasish | ||
| 245 |
_aIntroduction to differential equations / _cby Debasish Sengupta |
||
| 260 |
_aKolkata _bBooks and Allied _c2016 |
||
| 270 |
_aNo. 1-E(1), 'Shubham Plaza' (1st floor) 83/1, Belighata Main Road _bKolkata _e700010 |
||
| 300 |
_aVarious paging _c25cm(pbk) |
||
| 942 |
_2ddc _cEN _h515.353 _mSEN |
||
| 999 |
_c138179 _d138179 |
||